Satal Adlyan Mala (Record no. 2549)

MARC details
000 -LEADER
fixed length control field 00357nam a22001577a 4500
005 - DATE AND TIME OF LATEST TRANSACTION
control field 20160613154938.0
008 - FIXED-LENGTH DATA ELEMENTS--GENERAL INFORMATION
fixed length control field 160613b xxu||||| |||| 00| 0 eng d
041 ## - LANGUAGE CODE
Language code of text/sound track or separate title eng
082 ## - DEWEY DECIMAL CLASSIFICATION NUMBER
Item number 7287
100 ## - MAIN ENTRY--AUTHOR NAME
Personal name Jain, R.K. and G.K.
245 ## - TITLE STATEMENT
Title Satal Adlyan Mala
260 ## - PUBLICATION, DISTRIBUTION, ETC. (IMPRINT)
Name of publisher Surya Prakash Ind
300 ## - PHYSICAL DESCRIPTION
Number of Pages 144
650 ## - SUBJECT ADDED ENTRY--TOPICAL TERM
Topical Term Management
942 ## - ADDED ENTRY ELEMENTS (KOHA)
Koha item type Books
Holdings
Lost status Damaged status Collection code Home library Current library Shelving location Date acquired Cost, normal purchase price Full call number Accession Number Koha item type
    LIFE SKILL JRU Library JRU Library SHELF-102-E 13/06/2016 60.00 370 7287 Books